000 00713nam a2200253 i 4500
001 C2-0319434
003 PPAK
005 20180728115137.0
008 121104s2011 xxka|||| ||||| | eng d
020 _a9781848106680
040 _aPPAK
_beng
_cPPAK
_erda
082 0 4 _a398.2
_223
090 0 0 _a398.2
_bHAN
_dK
245 0 0 _aHansel and Gretel
_band other stories
264 1 _aEssex :
_bMiles Kelly Publishing Ltd. ,
_c2011
300 _a40 pages :
_bcolour illustrations ;
_c29 cm
336 _2rdacontent
_atext
337 _2rdamedia
_aunmediated
338 _2rdacarrier
_avolume
490 1 _aFive-minute stories
650 1 0 _aFolk tale, English
830 0 _aFive-minute stories
942 _ddc
_cB
999 _c120253
_d120253